Advanced calculus
সংরক্ষণ করুন:
| প্রধান লেখক: | |
|---|---|
| বিন্যাস: | গ্রন্থ |
| ভাষা: | ইংরেজি |
| প্রকাশিত: |
Londres
Addison-Wesley
1952
|
| সংস্করন: | 1a. ed |
| মালা: | Addison Wesley Mathematics Series
|
| বিষয়গুলি: | |
| ট্যাগগুলো: |
ট্যাগ যুক্ত করুন
কোনো ট্যাগ নেই, প্রথমজন হিসাবে ট্যাগ করুন!
|
MARC
| LEADER | 00000cam a2200000 a 4500 | ||
|---|---|---|---|
| 001 | UCT5898 | ||
| 003 | CL-VaPUC | ||
| 008 | 961223e19520000UK |||||||||||||||||eng|d | ||
| 082 | 0 | 4 | |a 515 |b KAP |2 21 |
| 100 | |a Kaplan, Wilfred |e author |9 427795 | ||
| 245 | 1 | 0 | |a Advanced calculus |
| 250 | |a 1a. ed | ||
| 300 | |a 679 p | ||
| 942 | |c BK | ||
| 945 | |d 19961223 00:00:00 |a rleighto | ||
| 260 | |a Londres |b Addison-Wesley |c 1952 | ||
| 650 | 0 | |a Cálculo |9 260234 | |
| 650 | 0 | |a Vectores |9 317184 | |
| 650 | 0 | |a Cálculo diferencial |9 260102 | |
| 650 | 0 | |a Cálculo integral |9 260103 | |
| 650 | 0 | |a Series infinitas |9 270114 | |
| 650 | 0 | |a Series de Fourier |9 260465 | |
| 650 | 0 | |a Ecuaciones diferenciales |9 260083 | |
| 583 | |a last modification |c 20120903 10:52:46 |k Rodrigo Vera | ||
| 490 | 0 | |a Addison Wesley Mathematics Series | |
| 999 | |c 254682 |d 254680 | ||
| 952 | |0 0 |1 0 |4 0 |6 515_000000000000000_KAP_1952 |7 0 |8 A |9 276524 |a BIBMAT |b BIBMAT |d 2019-11-19 |i 1317199 |o 515 KAP 1952 |p 1317199 |r 2025-01-07 |w 2019-11-19 |y BK |k MAT | ||
| 952 | |0 0 |1 0 |4 0 |6 515_000000000000000_KAP_1952 |7 0 |8 A |9 276525 |a BIBMAT |b BIBMAT |d 2019-11-19 |i 4887832 |o 515 KAP 1952 |p 4887832 |r 2025-01-07 |w 2019-11-19 |y BK |k MAT | ||